Taylor Swift - Midnights ALL TRACKS - Statistics

General Stats
  • This quiz has been taken 3,576 times
    985 since last reset
  • The average score is 18 of 24
Answer Stats
Hint Answer % Correct
1. Lavender Haze
96%
3. Anti-Hero
90%
11. Karma
89%
23. Karma (feat. Ice Spice)
89%
2. Maroon
88%
6. Midnight Rain
86%
4. Snow On The Beach (feat. Lana Del Rey)
85%
22. Snow On The Beach (feat. More Lana Del Rey)
85%
5. You're On Your Own, Kid
80%
13. Mastermind
79%
9. Bejeweled
74%
8. Vigilante Shit
74%
16. Paris
73%
10. Labyrinth
69%
7. Question...?
68%
18. Glitch
65%
14. The Great War
65%
12. Sweet Nothing
63%
19. Would've, Could've, Should've
61%
24. You're Losing Me
61%
21. Hits Different
60%
15. Bigger Than The Whole Sky
58%
20. Dear Reader
58%
17. High Infidelity
56%
No matching quizzes found
Score Distribution
Percent of People with Each Score
Percentile by Number Answered
Your Score History
You have not taken this quiz since the last reset